[Event "Team Championship, Div 1 Bd 3, S91129"]
[Site "CCLA"]
[Date "2019.10.12"]
[Round "?"]
[White "Ruiz, Glenn"]
[Black "Smolensky, Randy"]
[Result "0-1"]
[WhiteElo "1791"]
[BlackElo "2159"]
[Board "2"]
[WhiteTeam "PAWNTASTICS"]
[BlackTeam "CASTLES WEST 'A'"]

1. d4 d5 2. c4 e5 3. e3 exd4 4. exd4 Nf6 5. Nc3 Bb4 6. Bd3 c5 7. Ne2 dxc4 
8. Bxc4 O-O 9. O-O Nc6 10. Bg5 Nxd4 11. Ne4 Bg4 12. f3 Nxe2+ 13. Qxe2 Qd4+
14. Be3 Qxe4 15. fxg4 Rae8 16. Rf3 Nxg4 17. Raf1 Nxe3 18. Rxf7 Qxc4 19. 
Rxf8+ Rxf8 20. Rxf8+ Kxf8 21. Qf3+ Qf7 22. Qxe3 Qxa2 23. Qf4+ Qf7 24. Qb8+
Qe8 25. Qf4+ Kg8 26. Qc4+ Kh8 27. h4 Qe3+ 28. Kh2 Qd4 0-1

[Event "Team Championship, Div 1 Bd 3, S91129"]
[Site "CCLA"]
[Date "2019.10.12"]
[Round "?"]
[White "Catania, Duane"]
[Black "Edwards, K. E. D. G."]
[Result "0-1"]
[WhiteElo "1656"]
[BlackElo "2331"]
[Board "2"]
[WhiteTeam "PA KEYSTONES 'B'"]
[BlackTeam "PA KEYSTONES 'A'"]

1. e4 c5 2. Nf3 d6 3. d4 cxd4 4. Nxd4 Nf6 5. Nc3 a6 6. Be2 e5 7. Nf3 Be7 
8. O-O Be6 9. Bg5 Nbd7 10. Re1 h6 11. Bc1 b5 12. Bf1 Nb6 13. b3 Qc7 14. 
Be3 Qxc3 15. Bxb6 Qc6 16. Ba5 Nxe4 17. c4 Nxf2 18. Kxf2 Qc5+ 19. Re3 b4 
20. a3 Qxa5 21. axb4 Qxb4 22. Ra4 Qb6 23. b4 O-O 24. c5 dxc5 25. Rxe5 Rfd8
26. Qc2 cxb4+ 27. Ke1 b3 28. Qb2 Rac8 0-1

[Event "Team Championship, Div 1 Bd 3, S91129"]
[Site "CCLA"]
[Date "2019.10.12"]
[Round "?"]
[White "Catania, Duane"]
[Black "Ruiz, Glenn"]
[Result "0-1"]
[WhiteElo "1656"]
[BlackElo "1791"]
[Board "2"]
[WhiteTeam "PA KEYSTONES 'B'"]
[BlackTeam "PAWNTASTICS"]

1. e4 c6 2. d4 d5 3. Nc3 dxe4 4. Nxe4 Nd7 5. Nf3 Ngf6 6. Ng3 e6 7. Bd3 c5 
8. c3 cxd4 9. cxd4 Be7 10. O-O O-O 11. Bg5 b6 12. Rc1 Bb7 13. Bb1 Re8 14. 
Qd3 Nf8 15. Rfd1 Nd5 16. Bxe7 Qxe7 17. a3 Rac8 18. Qd2 Ng6 19. Rxc8 Rxc8 
20. Rc1 Qd8 21. Ne2 Nf6 22. Rxc8 Qxc8 23. Ne5 Qd8 24. Qc3 Nxe5 25. h3 Ng6 
26. Ng3 Qc8 27. Qd3 Qc6 28. f3 Qc1+ 29. Kh2 Qc7 0-1

[Event "Team Championship, Div 1 Bd 3, S91129"]
[Site "CCLA"]
[Date "2019.10.12"]
[Round "?"]
[White "Catania, Duane"]
[Black "Smolensky, Randy"]
[Result "0-1"]
[WhiteElo "1656"]
[BlackElo "2159"]
[Board "2"]
[WhiteTeam "PA KEYSTONES 'B'"]
[BlackTeam "CASTLES WEST 'A'"]

1. e4 e5 2. Nf3 Nc6 3. Bc4 Nf6 4. Ng5 d5 5. exd5 Nd4 6. c3 b5 7. cxd4 bxc4
8. dxe5 Nxd5 9. Qa4+ Qd7 10. Qxc4 a5 11. Nc3 Nb4 12. O-O h6 13. e6 fxe6 
14. Nf3 Bd6 15. a3 Nd3 16. Ne4 O-O 17. Nxd6 Ba6 18. Qd4 cxd6 19. Rd1 Qc6 
20. Qc3 Qb7 21. b4 Rxf3 22. gxf3 Qxf3 23. Bb2 Qxf2+ 24. Kh1 Bb7+ 0-1

[Event "Team Championship, Div 1 Bd 3, S91129"]
[Site "CCLA"]
[Date "2019.10.12"]
[Round "?"]
[White "Smolensky, Randy"]
[Black "Edwards, K. E. D. G."]
[Result "0-1"]
[WhiteElo "2159"]
[BlackElo "2331"]
[Board "2"]
[WhiteTeam "CASTLES WEST 'A'"]
[BlackTeam "PA KEYSTONES 'A'"]

1. e4 c5 2. Nf3 d6 3. d4 cxd4 4. Qxd4 Nc6 5. Bb5 Bd7 6. Bxc6 Bxc6 7. Nc3 
Nf6 8. Bg5 e6 9. O-O-O Be7 10. Rhe1 O-O 11. e5 dxe5 12. Nxe5 Qc7 13. Qc4 
h6 14. Ng6 fxg6 15. Rxe6 Kh7 16. Bf4 Qb6 17. Rxe7 Qxf2 18. Be3 Qxg2 19. 
Rg1 Qxh2 20. Qd3 Qh5 21. Re5 Be4 22. Rxe4 Nxe4 23. Qxe4 Rae8 24. Qd4 Qh3 
25. Nd1 Rf7 26. Qd3 Qf5 27. Qe2 b5 28. Re1 Rd7 29. a3 a5 30. Rf1 Qe5 31. 
Re1 b4 32. a4 Rc8 33. Kb1 Qf5 34. Qf2 Rcd8 35. Kc1 Qd5 36. b3 Rc8 37. Kb1 
Rdc7 38. c4 bxc3 39. Kc2 Rb7 0-1

[Event "Team Championship, Div 1 Bd 3, S91129"]
[Site "CCLA"]
[Date "2019.10.12"]
[Round "?"]
[White "Smolensky, Randy"]
[Black "Ruiz, Glenn"]
[Result "1-0"]
[WhiteElo "2159"]
[BlackElo "1791"]
[Board "2"]
[WhiteTeam "CASTLES WEST 'A'"]
[BlackTeam "PAWNTASTICS"]

1. e4 c6 2. d4 d5 3. f3 e6 4. Nc3 Bb4 5. a3 Ba5 6. Qd3 Ne7 7. Bf4 Nd7 8. 
O-O-O Ng6 9. Bg3 Bc7 10. Bxc7 Qxc7 11. h4 h5 12. Qe3 Qf4 13. Qxf4 Nxf4 14.
 g3 Ng6 15. b3 Nf6 16. Bd3 Ne7 17. Nh3 Bd7 18. Kb2 g6 19. Nf4 O-O-O 20. e5
Nfg8 21. Nce2 Nh6 22. Rdg1 Rdg8 23. g4 hxg4 24. fxg4 Kc7 25. c3 b6 26. h5 
g5 27. Nh3 Rg7 28. Rg3 c5 29. Neg1 Be8 30. Nf3 Rhg8 31. Rf1 Kb7 32. Ne1 
Rh8 33. Nc2 Kc7 34. a4 a5 35. Be2 Rf8 36. Rgf3 Neg8 37. R3f2 Bd7 38. Na3 
Bc6 39. Nb5+ Bxb5 40. axb5 Kb7 41. Kc2 Kc7 42. Ra1 Ra8 43. Rff1 Kb7 44. 
Ra4 cxd4 45. cxd4 Ra7 46. b4 axb4 47. Ra6 Rxa6 48. bxa6+ Ka7 49. Kb3 Ne7 
50. Rc1 Nhg8 51. Kxb4 f5 52. exf6 Nxf6 53. h6 Rh7 54. Nxg5 Rxh6 55. Rc7+ 
Ka8 56. Rxe7 Rh2 57. Rxe6 1-0

[Event "Team Championship, Div 1 Bd 3, S91129"]
[Site "CCLA"]
[Date "2019.10.12"]
[Round "?"]
[White "Smolensky, Randy"]
[Black "Catania, Duane"]
[Result "1-0"]
[WhiteElo "2159"]
[BlackElo "1656"]
[Board "2"]
[WhiteTeam "CASTLES WEST 'A'"]
[BlackTeam "PA KEYSTONES 'B'"]

1. e4 e6 2. Qe2 b6 3. Nf3 Bb7 4. Nc3 Be7 5. g3 Nc6 6. Bg2 Nf6 7. e5 Ng8 8.
 O-O d5 9. d4 Qd7 10. Re1 O-O-O 11. Nd1 Kb8 12. c3 h6 13. b4 g5 14. a4 g4 
15. Nd2 h5 16. Nb3 Nh6 17. b5 Na5 18. Nxa5 bxa5 19. Nb2 h4 20. Nd3 hxg3 
21. hxg3 Nf5 22. Nc5 Bxc5 23. dxc5 Qe7 24. c6 Ba8 25. Ba3 Qg5 26. Bc5 Rh7 
27. c4 Rdh8 28. cxd5 Qh5 29. Qe4 exd5 30. Qxd5 Rh6 31. Rad1 Rc8 32. Qd7 
Qh2+ 33. Kf1 Nxg3+ 34. fxg3 Qxg3 35. Bxa7+ Kxa7 36. b6+ Kxb6 37. Rb1+ Ka7 
38. Qd4+ Ka6 39. Qc4+ 1-0